000 00484nam a2200181Ia 4500
005 20250508153115.0
008 008 250505s9999 xx 000 0 eng d
037 _aTextual
040 _aFEDL
_beng
_cFEDL
041 _aeng
_2eng
084 _a378, HAR
_qFEDL
100 _aHart Henry C
245 0 _aCampus India : An appraisal of American College Programs in India
260 _c1961
300 _a217p.
942 _cTEXL
_h378, HAR
999 _c1340722
_d1340722